Principles of mathematical analysis

Αποθηκεύτηκε σε:
Λεπτομέρειες βιβλιογραφικής εγγραφής
Κύριος συγγραφέας: Rudin, Walter, 1921-2010
Μορφή: Βιβλίο
Γλώσσα:English
Δημοσίευση: New York : Tokyo : McGraw-Hill ; Kogakusha Company, c1964.
Έκδοση:2η έκδ.
Σειρά:International series in pure and applied mathematics
Θέματα:
Ετικέτες: Προσθήκη ετικέτας
Δεν υπάρχουν, Καταχωρήστε ετικέτα πρώτοι!

MARC

LEADER 00000cam a2200000 a 4500
001 1/109093
008 151007s1964 nyu| ||| |||| ||eng||
040 |a GR-MyUa  |b gre  |c GR-MyUa  |e AACR2 
041 0 |a eng 
082 7 |a 515   |2 (23) 
100 1 |a Rudin, Walter,   |d 1921-2010. 
245 1 0 |a Principles of mathematical analysis /   |c Walter Rudin.  
250 |a 2η έκδ. 
260 |a New York :   |b McGraw-Hill ;   |a Tokyo :   |b Kogakusha Company,   |c c1964. 
300 |a ix, 270 σ. ;   |b 21 εκ.  
490 1 |a (International series in pure and applied mathematics) 
650 0 |a Mathematical analysis. 
830 0 |a International series in pure and applied mathematics 
852 |a INST  |b SAMOS  |c MAG  |e 20151007  |h 515 RUD  |p 005300042987  |q 005300042987  |t BK  |y 0 
852 |a INST  |b SYROS  |e 20191122  |h 515 RUD  |p 005500013995  |q 005500013995  |t BK  |y 0 
970 |a Σιτζίμη  |b Γιασεμή  |z 07/01/2015